[Event "Oberliga NRW 1617"]
[Site "Germany"]
[Date "2016.12.11"]
[Round "4.7"]
[White "Suvorov, Alexander1111"]
[Black "Werbeck, Torsten"]
[Result "1/2-1/2"]
[WhiteElo "2136"]
[BlackElo "2071"]
[PlyCount "72"]
[EventDate "2016.09.25"]
[EventType "team-tourn"]
[EventRounds "9"]
[EventCountry "GER"]
[SourceTitle "EXT 2020"]
[Source "ChessBase"]
[SourceDate "2019.10.17"]
[SourceVersion "1"]
[SourceVersionDate "2019.10.17"]
[SourceQuality "1"]
[WhiteTeam "Koeln Porz II"]
[BlackTeam "Wuppertal Bahn"]
[WhiteTeamCountry "GER"]
[BlackTeamCountry "GER"]

1. d4 Nf6 2. c4 c5 3. d5 b5 4. Qc2 bxc4 5. e4 d6 6. Bxc4 g6 7. Nf3 Bg7 8. 0-0 0-0 9. h3 Ba6 10. Na3 Nfd7 11. Bd2 Qb6 12. Bc3 Bxc3 13. Qxc3 Qb4 14. Qd3 Bxc4 15. Nxc4 Nb6 16. Nfd2 Nxc4 17. Nxc4 Nd7 18. b3 f6 19. f4 a5 20. h4 a4 21. h5 axb3 22. axb3 Rxa1 23. Rxa1 Kg7 24. Qg3 Qb7 25. Rf1 Rg8 26. Rf3 Kh8 27. hxg6 Rxg6 28. Qh4 Nf8 29. Rg3 Qa7 30. e5 Qa1+ 31. Kh2 dxe5 32. fxe5 Qc1 33. Rxg6 Nxg6 34. Qg3 Qh6+ 35. Kg1 Qc1+ 36. Kh2 Qh6+ 1/2-1/2

[Event "Nord West Cup 16th"]
[Site "Bad Zwischenahn"]
[Date "2014.01.25"]
[Round "4"]
[White "Dgebuadze, Alexandre"]
[Black "Werbeck, Torsten"]
[Result "1-0"]
[WhiteElo "2515"]
[BlackElo "2134"]
[PlyCount "69"]
[EventDate "2014.01.23"]
[EventType "swiss"]
[EventRounds "7"]
[EventCountry "GER"]
[SourceTitle "CBM 158 Extra"]
[Source "ChessBase"]
[SourceDate "2014.02.28"]
[SourceVersion "1"]
[SourceVersionDate "2014.02.28"]
[SourceQuality "1"]

1. e4 e6 2. d4 d5 3. Nd2 Nf6 4. e5 Nfd7 5. c3 c5 6. Bd3 cxd4 7. cxd4 Nc6 8. Ne2 Qb6 9. Nf3 f6 10. exf6 Nxf6 11. 0-0 Bd6 12. b3 Bd7 13. Bf4 Qc7 14. Bg3 0-0 15. Rc1 Bxg3 16. hxg3 Qd6 17. Qd2 Rae8 18. Rfe1 e5 19. dxe5 Nxe5 20. Nxe5 Rxe5 21. Nf4 Rxe1+ 22. Rxe1 Re8 23. Rxe8+ Bxe8 24. Qe3 d4 25. Qe6+ Qxe6 26. Nxe6 Nd5 27. Nxd4 Nb4 28. Bc4+ Bf7 29. Bxf7+ Kxf7 30. a3 Nc2 31. Kf1 Kf6 32. Ke2 Ke5 33. Kd3 Kf6 34. f3 Ke5 35. g4 1-0

[Event "Leverkusen Bayer op 9th"]
[Site "Leverkusen"]
[Date "2011.04.11"]
[Round "7"]
[White "Birnkott, Manfred"]
[Black "Werbeck, Torsten"]
[Result "1-0"]
[WhiteElo "1792"]
[BlackElo "2090"]
[PlyCount "87"]
[EventDate "2011.01.10"]
[EventType "swiss"]
[EventRounds "7"]
[EventCountry "GER"]
[SourceTitle "EXT 2012"]
[Source "ChessBase"]
[SourceDate "2011.11.24"]
[SourceVersion "1"]
[SourceVersionDate "2011.11.24"]
[SourceQuality "1"]

1. e4 c5 2. Nf3 Nc6 3. d4 cxd4 4. Nxd4 Nf6 5. Nc3 e5 6. Ndb5 d6 7. f3 a6 8. Na3 b5 9. Nd5 Nxd5 10. exd5 Ne7 11. c4 Nf5 12. g3 bxc4 13. Bxc4 Be7 14. Nc2 0-0 15. Qe2 Bb7 16. Be3 Qa5+ 17. Qd2 Qc7 18. b3 Nxe3 19. Qxe3 Rac8 20. Qd2 Qc5 21. Rd1 Bd8 22. Ke2 Bb6 23. Rhf1 Rce8 24. Ne3 f5 25. Bd3 e4 26. fxe4 fxe4 27. Rxf8+ Kxf8 28. Bc4 Re5 29. Rf1+ Kg8 30. Ng4 e3 31. Qd3 Re8 32. Qf5 Qc8 33. Qg5 Kh8 34. Rf7 Bd4 35. h3 Rf8 36. Qe7 Rxf7 37. Qxf7 a5 38. Nxe3 Be5 39. Nf5 a4 40. Ne7 Qa8 41. Qh5 axb3 42. Bd3 Qxa2+ 43. Kf3 g6 44. Bxg6 1-0

[Event "Leverkusen Bayer op 9th"]
[Site "Leverkusen"]
[Date "2011.03.28"]
[Round "6"]
[White "Werbeck, Torsten"]
[Black "Witte, Thomas"]
[Result "1-0"]
[WhiteElo "2150"]
[BlackElo "1823"]
[PlyCount "77"]
[EventDate "2011.01.10"]
[EventType "swiss"]
[EventRounds "7"]
[EventCountry "GER"]
[SourceTitle "EXT 2012"]
[Source "ChessBase"]
[SourceDate "2011.11.24"]
[SourceVersion "1"]
[SourceVersionDate "2011.11.24"]
[SourceQuality "1"]

1. Nf3 Nc6 2. d4 e6 3. c4 Bb4+ 4. Bd2 Qe7 5. Nc3 Bxc3 6. Bxc3 Nf6 7. e3 Ne4 8. Qc2 Nxc3 9. Qxc3 Qb4 10. Rc1 Qxc3+ 11. Rxc3 Ne7 12. Bd3 0-0 13. 0-0 d6 14. a3 Bd7 15. Rfc1 Rfc8 16. h3 h6 17. Nd2 f6 18. b3 Kf8 19. e4 e5 20. d5 c5 21. dxc6 bxc6 22. b4 a6 23. Be2 d5 24. cxd5 cxd5 25. exd5 Nxd5 26. Rc5 Nf4 27. Bf3 Rxc5 28. bxc5 Rc8 29. c6 Be6 30. Rc5 f5 31. Rxe5 Kf7 32. Ra5 Ra8 33. Nf1 Nd3 34. Ne3 g6 35. Be2 Nf4 36. Bf1 Ke7 37. g3 Nh5 38. Bc4 Nf6 39. Re5 1-0

[Event "Leverkusen Bayer op 9th"]
[Site "Leverkusen"]
[Date "2011.02.07"]
[Round "3"]
[White "Werbeck, Torsten"]
[Black "Weinmann Musset, Manfred"]
[Result "1/2-1/2"]
[WhiteElo "2150"]
[BlackElo "1801"]
[PlyCount "106"]
[EventDate "2011.01.10"]
[EventType "swiss"]
[EventRounds "7"]
[EventCountry "GER"]
[SourceTitle "EXT 2012"]
[Source "ChessBase"]
[SourceDate "2011.11.24"]
[SourceVersion "1"]
[SourceVersionDate "2011.11.24"]
[SourceQuality "1"]

1. d4 f5 2. Nf3 Nf6 3. g3 c6 4. Bg2 d6 5. 0-0 Be6 6. b3 a5 7. c4 Na6 8. Nc3 g6 9. Bb2 Bg7 10. Qd2 0-0 11. Rfe1 Kh8 12. e4 fxe4 13. Nxe4 Nxe4 14. Rxe4 Bf5 15. Re3 e6 16. Nh4 Nc7 17. Rae1 Rf7 18. R3e2 Kg8 19. a3 h6 20. Bc3 a4 21. b4 Rc8 22. h3 Kh7 23. Kh2 Bf6 24. Nf3 g5 25. Ng1 d5 26. c5 h5 27. Nf3 Rg7 28. Ne5 g4 29. h4 Bxh4 30. gxh4 Qxh4+ 31. Kg1 g3 32. Nf3 Qf6 33. Qf4 Rg4 34. Qe5 gxf2+ 35. Rxf2 Qg6 36. Nh2 Re4 37. Rxe4 Bxe4 38. Nf1 Nb5 39. Bd2 Rf8 40. Qg5 Qxg5 41. Bxg5 Rg8 42. Bc1 Nxd4 43. Ne3 Nf5 44. Kh2 Nxe3 45. Bxe4+ dxe4 46. Bxe3 Rd8 47. Rf7+ Kg6 48. Rxb7 Rd3 49. Bf4 Kf5 50. Rf7+ Kg4 51. Bh6 Rh3+ 52. Kg2 Rg3+ 53. Kh2 Rh3+ 1/2-1/2

[Event "Leverkusen-ch op"]
[Site "Leverkusen"]
[Date "2010.04.12"]
[Round "6"]
[White "Rotstein, Jefim"]
[Black "Werbeck, Torsten"]
[Result "1-0"]
[WhiteElo "2316"]
[BlackElo "2143"]
[PlyCount "63"]
[EventDate "2010.01.18"]
[EventType "swiss"]
[EventRounds "7"]
[EventCountry "GER"]
[SourceTitle "EXT 2011"]
[Source "ChessBase"]
[SourceDate "2010.11.26"]
[SourceVersion "1"]
[SourceVersionDate "2010.11.26"]
[SourceQuality "1"]

1. d4 Nf6 2. Nf3 c5 3. c4 g6 4. g3 Bg7 5. Bg2 0-0 6. 0-0 cxd4 7. Nxd4 Nc6 8. Nc3 Nxd4 9. Qxd4 d6 10. Qd2 Qb6 11. b3 Be6 12. Bb2 Rac8 13. e4 a6 14. Nd5 Nxd5 15. Bxg7 Kxg7 16. exd5 Bf5 17. Rfe1 Rfe8 18. Re3 Qc5 19. Rae1 Rc7 20. h4 b5 21. Bf1 b4 22. h5 f6 23. Kh2 a5 24. Bh3 Bxh3 25. Kxh3 Qa7 26. Re6 Rf8 27. Kg2 g5 28. f4 gxf4 29. Qxf4 Kh8 30. h6 Rd7 31. R1e4 Rg8 32. Rxf6 1-0

[Event "Leverkusen-ch op"]
[Site "Leverkusen"]
[Date "2010.03.22"]
[Round "5"]
[White "Werbeck, Torsten"]
[Black "Hess, Dennis"]
[Result "1-0"]
[WhiteElo "2143"]
[BlackElo "1976"]
[PlyCount "65"]
[EventDate "2010.01.18"]
[EventType "swiss"]
[EventRounds "7"]
[EventCountry "GER"]
[SourceTitle "EXT 2011"]
[Source "ChessBase"]
[SourceDate "2010.11.26"]
[SourceVersion "1"]
[SourceVersionDate "2010.11.26"]
[SourceQuality "1"]

1. d4 d5 2. Nf3 Nf6 3. c4 c6 4. e3 Bg4 5. Nc3 e6 6. h3 Bh5 7. g4 Bg6 8. Ne5 dxc4 9. Bxc4 Nbd7 10. Nxg6 hxg6 11. Qf3 Be7 12. h4 Nb6 13. Bb3 Nfd5 14. g5 Nxc3 15. bxc3 Rh5 16. e4 Bd6 17. a4 a5 18. Be3 Qc7 19. Rc1 Nd7 20. Rb1 Rb8 21. e5 Be7 22. Qe4 c5 23. Bxe6 cxd4 24. cxd4 Nxe5 25. dxe5 Bb4+ 26. Rxb4 axb4 27. Bc4 Rc8 28. Bb5+ Kf8 29. Qxb4+ Kg8 30. Qd6 Qc3+ 31. Kf1 Qc2 32. Qd4 Qf5 33. Be2 1-0

[Event "NRW Class1 0910"]
[Site "Germany"]
[Date "2009.09.20"]
[Round "1.6"]
[White "Essing, Arnold"]
[Black "Werbeck, Torsten"]
[Result "1-0"]
[WhiteElo "2250"]
[BlackElo "2156"]
[PlyCount "61"]
[EventDate "2009.09.20"]
[EventType "team-tourn"]
[EventRounds "9"]
[EventCountry "GER"]
[SourceTitle "EXT 2011"]
[Source "ChessBase"]
[SourceDate "2010.11.26"]
[SourceVersion "1"]
[SourceVersionDate "2010.11.26"]
[SourceQuality "1"]
[WhiteTeam "Neuenkirchen"]
[BlackTeam "Elberfeld"]
[WhiteTeamCountry "GER"]
[BlackTeamCountry "GER"]

1. d4 d6 2. Nf3 g6 3. c4 f5 4. Nc3 Nf6 5. g3 Bg7 6. Bg2 0-0 7. 0-0 Nc6 8. d5 Ne5 9. Qb3 Nfd7 10. Be3 b6 11. Nb5 Nxf3+ 12. exf3 a6 13. Nd4 Nc5 14. Qc2 e5 15. dxe6 Nxe6 16. f4 Nxd4 17. Bxd4 Rb8 18. Bd5+ Kh8 19. Bxg7+ Kxg7 20. Rfe1 Qf6 21. Qe2 b5 22. Qe7+ Qxe7 23. Rxe7+ Kf6 24. Rxc7 bxc4 25. Re1 g5 26. fxg5+ Kxg5 27. f4+ Kg6 28. Ree7 Rh8 29. Rg7+ Kh6 30. Rg5 Rxb2 31. Rf7 1-0

[Event "Leverkusen-ch op"]
[Site "Leverkusen"]
[Date "2007.02.26"]
[Round "5"]
[White "Werbeck, Torsten"]
[Black "Friedsam, Manfred"]
[Result "1-0"]
[WhiteElo "2198"]
[BlackElo "1804"]
[PlyCount "53"]
[EventDate "2007.01.08"]
[EventType "swiss"]
[EventRounds "7"]
[EventCountry "GER"]
[SourceTitle "EXT 2008"]
[Source "ChessBase"]
[SourceDate "2007.11.25"]
[SourceVersion "1"]
[SourceVersionDate "2007.11.25"]
[SourceQuality "1"]

1. Nf3 e6 2. d3 d5 3. g3 g6 4. Bg2 Bg7 5. 0-0 Ne7 6. Nbd2 0-0 7. e4 Nd7 8. Qe2 dxe4 9. dxe4 Nc6 10. Rd1 Qe7 11. Nc4 e5 12. c3 Nf6 13. Ne3 Rd8 14. Nd5 Nxd5 15. exd5 Qd6 16. Bh6 Ne7 17. Bxg7 Kxg7 18. Qxe5+ Qxe5 19. Nxe5 f6 20. Nc4 Nf5 21. Re1 Kf7 22. Re4 Rb8 23. Ne3 Nxe3 24. Rxe3 c6 25. Rae1 cxd5 26. Re7+ Kg8 27. Rc7 1-0

[Event "Ghent op 28th"]
[Site "Ghent"]
[Date "2005.07.18"]
[Round "6"]
[White "Werbeck, Torsten"]
[Black "Dutreeuw, Marc"]
[Result "1/2-1/2"]
[WhiteElo "2226"]
[BlackElo "2361"]
[PlyCount "113"]
[EventDate "2005.07.16"]
[EventType "swiss"]
[EventRounds "9"]
[EventCountry "BEL"]
[SourceTitle "CBM 107 Extra"]
[Source "ChessBase"]
[SourceDate "2005.09.01"]
[SourceVersion "1"]
[SourceVersionDate "2005.09.01"]
[SourceQuality "1"]

1. d4 d6 2. Nf3 g6 3. c4 Bg7 4. Nc3 e5 5. dxe5 dxe5 6. Qxd8+ Kxd8 7. Bg5+ f6 8. 0-0-0+ Nd7 9. Be3 Nh6 10. h3 Nf7 11. Bc5 b6 12. Ba3 Bf8 13. Bxf8 Rxf8 14. e3 c6 15. Be2 Kc7 16. Rd2 a5 17. b3 Nc5 18. Kb2 Nd6 19. Bd1 Be6 20. Bc2 Rad8 21. Rhd1 Rg8 22. Ng1 h5 23. Nge2 h4 24. Nb1 g5 25. Nec3 f5 26. Na3 Nf7 27. Rxd8 Nxd8 28. e4 fxe4 29. Nxe4 g4 30. Nxc5 bxc5 31. hxg4 Rxg4 32. Rg1 h3 33. g3 Rg8 34. Rh1 Nf7 35. Nb1 Ng5 36. f4 exf4 37. gxf4 Nf3 38. f5 h2 39. Be4 Rg2+ 40. Ka3 Bxf5 41. Bxf3 Rf2 42. Rxh2 Rxh2 43. Nc3 Rh3 44. Be4 Rxc3 45. Bxf5 Rf3 46. Be4 Rf2 47. Bh1 Kb6 48. Be4 Rd2 49. Bg6 Re2 50. Bh5 Rf2 51. Bg6 a4 52. Bh5 Ka5 53. bxa4 Rh2 54. Bd1 Rh3+ 55. Bb3 Rg3 56. Kb2 Kb4 57. Kc2 1/2-1/2

[Event "Ghent op 27th"]
[Site "Ghent"]
[Date "2004.07.19"]
[Round "6"]
[White "Werbeck, Torsten"]
[Black "Tonoli, Benjamin"]
[Result "1-0"]
[WhiteElo "2226"]
[BlackElo "2079"]
[PlyCount "39"]
[EventDate "2004.07.17"]
[EventType "swiss"]
[EventRounds "9"]
[EventCountry "BEL"]
[SourceTitle "EXT 2006"]
[Source "ChessBase"]
[SourceDate "2005.11.24"]
[SourceVersion "1"]
[SourceVersionDate "2005.11.24"]
[SourceQuality "1"]

1. d4 Nf6 2. Nf3 e6 3. c4 b6 4. g3 Bb7 5. Bg2 d5 6. 0-0 Bd6 7. Nc3 c6 8. cxd5 exd5 9. Re1 0-0 10. Bg5 Nbd7 11. e4 dxe4 12. Nxe4 Be7 13. Nxf6+ Nxf6 14. Ne5 Rc8 15. Ng4 h6 16. Rxe7 Qxe7 17. Bxf6 Qe6 18. Bh3 Kh8 19. Qd2 Kh7 20. Re1 1-0